Obálka Náhled e-knihy:
Epub
Pro půjčování e-knih musíte být přihlášeni.
Jak si půjčit online?

Kroniky Nezmapovaných království. Dvojčata a kapradí /

Pokračování fantasy série přináší nová dobrodružství z Nezmapovaného království.

Uloženo v:
Série:Kroniky Nezmapovaných království, část 2
Hlavní autor: Elphinstone, Abi, 1984- (Autor)
Další autoři: Kadlec, Vratislav, 1981- (Autor)
Médium: E-kniha
Jazyk:Czech
Vydáno: Praha : Euromedia Group, 2024
Vydání:Vydání první
Edice:Pikola (Euromedia)
Témata:
Příbuzné jednotky:Z cyklu:: Kroniky Nezmapovaných království
Tagy:
Žádné tagy
LEADER 02811nam a2200553 i 4500
001 312204
003 CZ PrSKC
005 20260601215718.0
007 ta
008 240116s2024 xr c 000 f cze
015 |a cnb003523146 
020 |a 9788024292717  |q (brožováno) 
035 |a (OCoLC)1425861287 
040 |a ABG001  |b cze  |e rda 
041 1 |a cze  |h eng 
072 7 |a 821.111-3  |x Anglická próza, anglicky psaná  |2 Konspekt 
072 7 |a 821-93  |x Literatura pro děti a mládež (beletrie)  |2 Konspekt 
080 |a 821.111(410.5)-31  |2 MRF 
080 |a 821-93  |2 MRF 
080 |a (0:82-312.9)  |2 MRF 
100 1 |a Elphinstone, Abi,  |d 1984-  |7 ola20191030222  |4 aut 
240 1 0 |a Jungledrop.  |l Česky 
245 1 0 |a Kroniky Nezmapovaných království.  |p Dvojčata a kapradí /  |c Abi Elphinstoneová ; přeložil Vratislav Kadlec 
246 3 0 |a Dvojčata a kapradí 
250 |a Vydání první 
264 1 |a Praha :  |b Euromedia Group,  |c 2024 
300 |a 285 stran ;  |c 20 cm 
336 |a text  |b txt  |2 rdacontent 
337 |a bez média  |b n  |2 rdamedia 
338 |a svazek  |b nc  |2 rdacarrier 
490 1 |a Pikola 
500 |a Přeloženo z angličtiny 
520 2 |a Pokračování fantasy série přináší nová dobrodružství z Nezmapovaného království.  |b Dvojčata Foxana a Fixl jsou spíš nepřátelé, než kamarádi. Soupeří, kdo přijde s geniálním obchodním plánem, zdědí rodinný majetek a vyhne se vyhnanství mezi tučňáky. Jenže potom se nečekaně ocitnou v kouzelném království Praleskáp a začnou zjišťovat, že sucho, které dlouhé měsíce sužuje svět, asi nějak souvisí s harpyjí Morgou a její nezřízenou touhou po moci. A také že na světě jsou i důležitější věci než peníze a ostré lokty. Nakladatelská anotace. Kráceno. 
521 8 |a Pro čtenáře od 9 let 
655 7 |a skotské romány (anglicky)  |7 fd133439  |2 czenas 
655 7 |a fantasy romány  |7 fd184199  |2 czenas 
655 7 |a publikace pro děti  |7 fd133156  |2 czenas 
655 9 |a Scottish fiction (English)  |2 eczenas 
655 9 |a fantasy novels  |2 eczenas 
655 9 |a children's literature  |2 eczenas 
700 1 |a Kadlec, Vratislav,  |d 1981-  |7 js20030216031  |4 trl 
765 1 |t Unmapped chronicles series 
787 0 8 |i Z cyklu:  |t Kroniky Nezmapovaných království  |g 2 
830 0 |a Pikola (Euromedia) 
900 |a ABA001  |b 21 
044 |a xr 
910 |a RBIT002 
998 |d 392172  |a https://core.palmknihy.cz/api/books/392172/cover?s4ksxl  |b https://core.palmknihy.cz/api/books/392172/cover/400?s4ksxl  |c https://core.palmknihy.cz/api/books/392172/cover/50?s4ksxl  |e 2026-12-14  |g 288  |i 9788024292717  |j https://core.palmknihy.cz/api/books/392172/preview.epub  |l   |q 49  |r 1  |s https://www.palmknihy.cz/kniha/392172  |t ebook  |y 2024  |z 0  |v Kroniky Nezmapovaných království  |w 2 
999 |d 312202